Terrorismo di matrice religiosa, sicurezza e libertà fondamentali

Sábháilte in:
Sonraí bibleagrafaíochta
Rannpháirtithe: De Oto, Antonello (Eagarthóir)
Formáid: Anaithnid
Foilsithe / Cruthaithe: Bologna, Italia: Bologna University Press, 2023.
Eagrán:Primera edición.
Ábhair:
Clibeanna: Cuir clib leis
Níl clibeanna ann, Bí ar an gcéad duine le clib a chur leis an taifead seo!

MARC

LEADER 00000 a2200000 4500
003 CL-VaPUC
005 20240411114622.0
008 240402t2023 ||||| |||| 00| 0 eng d
999 |c 443190  |d 443188 
020 |a 9791254773567 
040 |c Pontificia Universidad Católica de Valparaíso 
082 7 |2 22  |a 363.325 DEO 2023 
100 |a De Oto, Antonello   |9 887680  |e editor 
245 |a Terrorismo di matrice religiosa, sicurezza e libertà fondamentali 
250 |a Primera edición. 
260 |b Bologna University Press,  |c 2023.  |a Bologna, Italia: 
300 |a 100 pagínas. 
583 |k GC  |c 20240402 
650 0 |9 297413  |a Libertad religiosa  
650 0 |9 255070  |a Terrorismo   |2 Aspectos religiosos  |v Islamismo 
650 0 |9 254934  |a Derecho canónico  |z Italia 
650 0 |9 255070  |a Terrorismo  |2 Aspectos religiosos 
942 |2 ddc  |c BK 
952 |0 0  |1 0  |2 ddc  |4 0  |6 363_325000000000000_DEO_2023  |7 0  |8 A  |9 593755  |a BIBDER  |b BIBDER  |d 2024-03-19  |e 2  |g 47758.00  |i 5660444  |l 1  |o 363.325 DEO 2023  |p 5660444  |r 2024-05-06  |s 2024-04-29  |t 1  |v 47758.00  |w 2024-03-19  |y BK  |k DER